00579nam a2200193Ia 450000500170000000800410001702000300005804000190008804100120010708200160011910000180013524500810015326000340023430000130026850400500028165000220033165100220035385000100037520211007134403.0140110s9999 xx 000 0 und d a9780745640853cRs.1358.00 aLoreto College aEnglish a320.01bHAD aHaddock,Bruce 2aA history of political thoughtbFrom antiquity to the presentcBruce Haddock aCambridgebPolity Pressc2008 axi,330p  aIncludes bibliographical references and index aPolitical science aPolitical thought aLCLIB